000 00643nam a22002057a 4500
005 20251108172725.0
008 250721s2004 xx 000 0 ara d
082 1 4 _a324.4/محا
100 1 _aالمحارمة، علي عبد السلام
_eمؤلف
245 1 0 _aتصاعد القوى الدينية الإسرائيلية /
264 1 _aعمان :
_bدار الإعلام،
_c2004.
300 _a400ص
650 1 7 _aالعلوم السياسية
650 1 7 _aجماعات النفوذ
650 1 7 _aالأحزاب الدينية
650 1 7 _aاليهودية
650 1 7 _aإسرائيل
942 _2ddc
_cBK
999 _c86871
_d86871